书目信息 |
| 题名: |
根除惯性
|
|
| 作者: | 美莉莎·克纳普 ;季广茂 译 | |
| 分册: | ||
| 出版信息: | 长春 吉林人民出版社 2003 |
|
| 页数: | 479页 | |
| 开本: | 20cm | |
| 丛书名: | ||
| 单 册: | ||
| 中图分类: | B512.49 | |
| 科图分类: | ||
| 主题词: | 哲学--欧洲 | |
| 电子资源: | ||
| ISBN: | 7-206-04130-2 | |
| 000 | 00598nam0 2200193 450 | |
| 001 | 0728815141 | |
| 005 | 20070819080015.14 | |
| 010 | @a7-206-04130-2@d¥27.50 | |
| 100 | @a20070819d km y0chiy0120 ea | |
| 101 | 0 | @achi |
| 200 | 1 | @a根除惯性@Agen chu guan xing@f[美]莉莎·克纳普@F[mei]li sha·ke na pu@g季广茂译@Gji guang mao yi |
| 210 | @a长春@c吉林人民出版社@d2003 | |
| 215 | @a479页@d20cm | |
| 606 | 0 | @a哲学@x欧洲 |
| 690 | @aB512.49@v3 | |
| 701 | 0 | @a美莉莎·克纳普@Amei li sha·ke na pu |
| 702 | 0 | @a季广茂@Aji guang mao@4译 |
| 801 | 0 | @aCN@bPFT@c20070819 |
| 905 | @a213230@dB512.49@eZW149@f1 | |
| 根除惯性/[美]莉莎·克纳普/季广茂译.-长春:吉林人民出版社,2003 |
| 479页;20cm |
| ISBN 7-206-04130-2:¥27.50 |
| ● |
| 相关链接 |
|
|
|
|
正题名:根除惯性
索取号:B512.49/ZW149
 
预约/预借
| 序号 | 登录号 | 条形码 | 馆藏地/架位号 | 状态 | 备注 |
| 1 | 7600277 | 276002772 | 密集书库-文学院/ [索取号:B512.49/ZW149] | 在馆 |